{"text_format":"3","workbook":"xlsx","n_sheets":1,"sheets":["Локальная смета"],"not_rendered":{"defined_names":7},"read":"whole","date_system":"1900"}

{"sheet":"Локальная смета","index":0,"n_rows":154,"n_cols":17,"rows_kept":154,"merged":[[15,9,15,10],[16,9,16,10],[17,9,17,10],[18,9,18,10],[19,9,19,10],[23,0,25,0],[23,1,25,1],[23,2,25,2],[23,3,25,3],[23,4,25,4],[23,5,23,8],[23,9,23,12],[23,13,25,13],[23,14,25,14],[23,15,25,15],[23,16,25,16],[24,5,25,5],[24,6,24,8],[24,9,25,9],[24,10,24,12],[27,0,27,16],[62,0,62,8],[63,0,63,16],[114,0,114,8],[115,0,115,16],[129,0,129,8],[130,0,130,16],[133,0,133,8],[134,0,134,16],[135,0,135,8],[136,0,136,8],[137,0,137,8],[138,0,138,8],[139,0,139,8],[140,0,140,8],[141,0,141,8],[142,0,142,8],[143,0,143,8],[144,0,144,8],[145,0,145,8],[146,0,146,8],[147,0,147,8],[148,0,148,8],[149,0,149,8],[150,0,150,8],[151,0,151,8],[152,0,152,8],[153,0,153,8]]}
["СОГЛАСОВАНО:",{"$nulls":11},"УТВЕРЖДАЮ:"]
[]
[]
["_________________",{"$nulls":11},"_________________"]
["\" _____ \" ________________ 2012 г.",{"$nulls":11},"\"____\" ______________2012 г."]
[]
[{"$nulls":7},"(наименование стройки)"]
[]
[{"$nulls":7},"ЛОКАЛЬНЫЙ СМЕТНЫЙ РАСЧЕТ № "]
[{"$nulls":7},"(локальная смета)"]
[]
[null,null,"на "," монтаж и пуско-наладка пожарной сигнализации + система газового пожаротушения"]
[{"$nulls":7},"(наименование работ и затрат, наименование объекта)"]
[]
[{"$nulls":3},"Основание: "]
[{"$nulls":3},"Сметная стоимость _______________________________________________________________________________________________",{"$nulls":5},"___________________________1422,627",null,"тыс. руб."]
[{"$nulls":3},"      монтажных работ _______________________________________________________________________________________________",{"$nulls":5},"_______________________________________________________________________________________________1046,030",null,"тыс. руб."]
[{"$nulls":3},"      прочих _______________________________________________________________________________________________",{"$nulls":5},"_______________________________________________________________________________________________159,586",null,"тыс. руб."]
[{"$nulls":3},"Средства  на оплату труда _______________________________________________________________________________________________",{"$nulls":5},"___________________________237,587",null,"тыс. руб."]
[{"$nulls":3},"Сметная трудоемкость _______________________________________________________________________________________________",{"$nulls":5},"_______________________________________________________________________________________________2274,57",null,"чел.час"]
[{"$nulls":3},"Составлен(а) в текущих (прогнозных) ценах по состоянию на ______________"]
[]
[]
["№ пп","Обосно-\nвание","Наименование","Ед. изм.","Кол.","Стоимость единицы, руб.",{"$nulls":3},"Общая стоимость, руб.",{"$nulls":3},"Т/з осн.\nраб.на ед.","Т/з осн.\nраб.\nВсего","Т/з мех. на ед.","Т/з мех.\nВсего"]
[{"$nulls":5},"Всего","В том числе",null,null,"Всего","В том числе"]
[{"$nulls":6},"Осн.З/п","Эк.Маш","З/пМех",null,"Осн.З/п","Эк.Маш","З/пМех"]
[1,2,3,4,5,6,7,8,9,10,11,12,13,14,15,16,17]
["                           Раздел 1. Монтаж пожарной сигнализации"]
[1,"ТЕРм10-08-001-02","Приборы ПС приемно-контрольные, пусковые, концентратор блок базовый на 20 лучей\nИНДЕКС К ПОЗИЦИИ(справочно):\n1  ОЗП=10,95; ЭМ=4,55; ЗПМ=10,95; МАТ=2,27\nНР (4445,87 руб.): 80% от ФОТ\nСП (3334,4 руб.): 60% от ФОТ","1 шт.",4,126.95,110.33,0.31,null,507.8,441.32,1.24,null,11.7,46.8]
[2,null,"Сигнал 20П\nКОЭФ. К ПОЗИЦИИ:\nперевод в базисный уровень цен, вычет НДС  МАТ=МАТ/1,18/2,27-МАТ\nИНДЕКС К ПОЗИЦИИ(справочно):\n1  ОЗП=10,95; ЭМ=4,55; ЗПМ=10,95; МАТ=2,27","шт.",4,939.86,{"$nulls":3},3759.44]
[3,"ТЕРм10-08-001-10","Приборы приемно-контрольные объектовые на 1 луч\nИНДЕКС К ПОЗИЦИИ(справочно):\n1  ОЗП=10,95; ЭМ=4,55; ЗПМ=10,95; МАТ=2,27\nНР (1029,47 руб.): 80% от ФОТ\nСП (772,1 руб.): 60% от ФОТ","1 шт.",1,108.44,102.19,0.25,null,108.44,102.19,0.25,null,11,11]
[4,null,"С 2000 М\nКОЭФ. К ПОЗИЦИИ:\nперевод в базисный уровень цен, вычет НДС  МАТ=МАТ/1,18/2,27-МАТ\nИНДЕКС К ПОЗИЦИИ(справочно):\n1  ОЗП=10,95; ЭМ=4,55; ЗПМ=10,95; МАТ=2,27","шт.",1,2558.43,{"$nulls":3},2558.43]
[5,"ТЕРм10-08-001-04","Приборы ПС на 4 луча\nИНДЕКС К ПОЗИЦИИ(справочно):\n1  ОЗП=10,95; ЭМ=4,55; ЗПМ=10,95; МАТ=2,27\nНР (2259,38 руб.): 80% от ФОТ\nСП (1694,53 руб.): 60% от ФОТ","1 шт.","7\n6+1",39.1,32.04,0.57,null,273.7,224.28,3.99,null,3.3,23.1]
[6,null,"С2000-СП1\nКОЭФ. К ПОЗИЦИИ:\nперевод в базисный уровень цен, вычет НДС  МАТ=МАТ/1,18/2,27-МАТ\nИНДЕКС К ПОЗИЦИИ(справочно):\n1  ОЗП=10,95; ЭМ=4,55; ЗПМ=10,95; МАТ=2,27","шт.",6,709.33,{"$nulls":3},4255.98]
[7,null,"С2000-4\nКОЭФ. К ПОЗИЦИИ:\nперевод в базисный уровень цен, вычет НДС  МАТ=МАТ/1,18/2,27-МАТ\nИНДЕКС К ПОЗИЦИИ(справочно):\n1  ОЗП=10,95; ЭМ=4,55; ЗПМ=10,95; МАТ=2,27","шт.",1,620.66,{"$nulls":3},620.66]
[8,"ТЕРм10-08-001-13","Устройства промежуточные на количество лучей 1\nИНДЕКС К ПОЗИЦИИ(справочно):\n1  ОЗП=10,95; ЭМ=4,55; ЗПМ=10,95; МАТ=2,27\nНР (4241,94 руб.): 80% от ФОТ\nСП (3181,46 руб.): 60% от ФОТ","1 шт.","11\n1+10",42.84,38.28,0.25,null,471.24,421.08,2.75,null,4,44]
[9,null,"С 2000-ПИ\nКОЭФ. К ПОЗИЦИИ:\nперевод в базисный уровень цен, вычет НДС  МАТ=МАТ/1,18/2,27-МАТ\nИНДЕКС К ПОЗИЦИИ(справочно):\n1  ОЗП=10,95; ЭМ=4,55; ЗПМ=10,95; МАТ=2,27","шт.",1,922.12,{"$nulls":3},922.12]
[10,null,"Ук-ВК/01\nКОЭФ. К ПОЗИЦИИ:\nперевод в базисный уровень цен, вычет НДС  МАТ=МАТ/1,18/2,27-МАТ\nИНДЕКС К ПОЗИЦИИ(справочно):\n1  ОЗП=10,95; ЭМ=4,55; ЗПМ=10,95; МАТ=2,27","шт.",10,112,{"$nulls":3},1120]
[11,"ТЕРм10-08-002-02","Извещатель ПС автоматический дымовой, фотоэлектрический, радиоизотопный, световой в нормальном исполнении\nИНДЕКС К ПОЗИЦИИ(справочно):\n1  ОЗП=10,95; ЭМ=4,55; ЗПМ=10,95; МАТ=2,27\nНР (31287,3 руб.): 80% от ФОТ\nСП (23465,48 руб.): 60% от ФОТ","1 шт.",205,18.53,15.15,0.31,null,3798.65,3105.75,63.55,null,1.68,344.4]
[12,null,"Ип 212-3СУ\nКОЭФ. К ПОЗИЦИИ:\nперевод в базисный уровень цен, вычет НДС  МАТ=МАТ/1,18/2,27-МАТ\nИНДЕКС К ПОЗИЦИИ(справочно):\n1  ОЗП=10,95; ЭМ=4,55; ЗПМ=10,95; МАТ=2,27","шт.",205,70.58,{"$nulls":3},14468.9]
[13,"ТЕРм10-01-039-06","Реле, ключ, кнопка и др. с подготовкой места установки\nИНДЕКС К ПОЗИЦИИ(справочно):\n1  ОЗП=10,95; ЭМ=4,55; ЗПМ=10,95; МАТ=2,27\nНР (2092,77 руб.): 80% от ФОТ\nСП (1569,58 руб.): 60% от ФОТ","1 шт.",13,16.3,15.98,null,null,211.9,207.74,null,null,2,26]
[14,null,"ИПР -3СУ\nКОЭФ. К ПОЗИЦИИ:\nперевод в базисный уровень цен, вычет НДС  МАТ=МАТ/1,18/2,27-МАТ\nИНДЕКС К ПОЗИЦИИ(справочно):\n1  ОЗП=10,95; ЭМ=4,55; ЗПМ=10,95; МАТ=2,27","шт.",13,102.67,{"$nulls":3},1334.71]
[15,"ТЕРм10-02-016-06","Отдельно устанавливаемый преобразователь или блок питания\nИНДЕКС К ПОЗИЦИИ(справочно):\n1  ОЗП=10,95; ЭМ=4,55; ЗПМ=10,95; МАТ=2,27\nНР (6555,82 руб.): 80% от ФОТ\nСП (4916,86 руб.): 60% от ФОТ","1 шт.",6,200.31,104.94,34.97,3.52,1201.86,629.64,209.82,21.12,10.1,60.6,0.44,2.64]
[16,null,"ИВЭПР 112-2-2-2К1\nКОЭФ. К ПОЗИЦИИ:\nперевод в базисный уровень цен, вычет НДС  МАТ=МАТ/1,18/2,27-МАТ\nИНДЕКС К ПОЗИЦИИ(справочно):\n1  ОЗП=10,95; ЭМ=4,55; ЗПМ=10,95; МАТ=2,27","шт.",6,418.5,{"$nulls":3},2511]
[17,null,"Аккумулятор 12В 7А\nКОЭФ. К ПОЗИЦИИ:\nперевод в базисный уровень цен, вычет НДС  МАТ=МАТ/1,18/2,27-МАТ\nИНДЕКС К ПОЗИЦИИ(справочно):\n1  ОЗП=10,95; ЭМ=4,55; ЗПМ=10,95; МАТ=2,27","шт.",6,174.53,{"$nulls":3},1047.18]
[18,"ТЕРм08-01-081-01","Аппарат (кнопка, ключ управления, замок электромагнитной блокировки, звуковой сигнал, сигнальная лампа) управления и сигнализации, количество подключаемых концов до 2\nИНДЕКС К ПОЗИЦИИ(справочно):\n1  ОЗП=10,95; ЭМ=4,55; ЗПМ=10,95; МАТ=2,27\nНР (1766,97 руб.): 95% от ФОТ\nСП (1208,98 руб.): 65% от ФОТ","1 шт.",14,20.71,10.19,9.67,0.36,289.94,142.66,135.38,5.04,1.13,15.82,0.04,0.56]
[19,null,"Оповещатель \"Свирель\"\nКОЭФ. К ПОЗИЦИИ:\nперевод в базисный уровень цен, вычет НДС  МАТ=МАТ/1,18/2,27-МАТ\nИНДЕКС К ПОЗИЦИИ(справочно):\n1  ОЗП=10,95; ЭМ=4,55; ЗПМ=10,95; МАТ=2,27","шт.",14,95.76,{"$nulls":3},1340.64]
[20,"ТЕРм08-03-573-05","Шкаф (пульт) управления навесной, высота, ширина и глубина до 900х600х500 мм\nИНДЕКС К ПОЗИЦИИ(справочно):\n1  ОЗП=10,95; ЭМ=4,55; ЗПМ=10,95; МАТ=2,27\nНР (2461,44 руб.): 95% от ФОТ\nСП (1684,14 руб.): 65% от ФОТ","1 шт.",8,78.91,22.02,53.51,3.7,631.28,176.16,428.08,29.6,2.37,18.96,0.41,3.28]
[21,null,"Бокс накладной 700*750*170. БОКС 6-1-Н\nКОЭФ. К ПОЗИЦИИ:\nперевод в базисный уровень цен, вычет НДС  МАТ=МАТ/1,18/2,27-МАТ\nИНДЕКС К ПОЗИЦИИ(справочно):\n1  ОЗП=10,95; ЭМ=4,55; ЗПМ=10,95; МАТ=2,27","шт.",8,858.28,{"$nulls":3},6866.24]
[22,null,"Коробка коммутационная  КС-5\nКОЭФ. К ПОЗИЦИИ:\nперевод в базисный уровень цен, вычет НДС  МАТ=МАТ/1,18/2,27-МАТ\nИНДЕКС К ПОЗИЦИИ(справочно):\n1  ОЗП=10,95; ЭМ=4,55; ЗПМ=10,95; МАТ=2,27","шт.",5,7.8,{"$nulls":3},39]
[23,"ТЕРм08-02-148-01","Кабель в проложенных трубах, блоках и коробах, масса 1 м кабеля до 1 кг\nИНДЕКС К ПОЗИЦИИ(справочно):\n1  ОЗП=10,95; ЭМ=4,55; ЗПМ=10,95; МАТ=2,27\nНР (2044,71 руб.): 95% от ФОТ\nСП (1399,01 руб.): 65% от ФОТ","100 м кабеля",1.2,694.46,111.85,499.23,30.58,833.36,134.22,599.08,36.7,12.4,14.88,3.39,4.07]
[24,"ТЕРм08-02-147-10","Кабель по установленным конструкциям и лоткам с креплением по всей длине, масса 1 м кабеля до 1 кг\nИНДЕКС К ПОЗИЦИИ(справочно):\n1  ОЗП=10,95; ЭМ=4,55; ЗПМ=10,95; МАТ=2,27\nНР (51108,63 руб.): 95% от ФОТ\nСП (34969,06 руб.): 65% от ФОТ","100 м кабеля","21,5\n18,5+3",1209.64,158.75,624.66,39.96,26007.27,3413.13,13430.19,859.14,17.6,378.4,4.43,95.25]
[25,null,"Кабель UTP 4*2*0,5\nКОЭФ. К ПОЗИЦИИ:\nперевод в базисный уровень цен, вычет НДС  МАТ=МАТ/1,18/2,27-МАТ\nИНДЕКС К ПОЗИЦИИ(справочно):\n1  ОЗП=10,95; ЭМ=4,55; ЗПМ=10,95; МАТ=2,27","м",120,5.32,{"$nulls":3},638.4]
[26,null,"Кабель КПCЭнг FRLS 1*2*0,5\nКОЭФ. К ПОЗИЦИИ:\nперевод в базисный уровень цен, вычет НДС  МАТ=МАТ/1,18/2,27-МАТ\nИНДЕКС К ПОЗИЦИИ(справочно):\n1  ОЗП=10,95; ЭМ=4,55; ЗПМ=10,95; МАТ=2,27","м",1850,7.09,{"$nulls":3},13116.5]
[27,null,"Кабель КПСЭнг FRLS 1*2*0,75\nКОЭФ. К ПОЗИЦИИ:\nперевод в базисный уровень цен, вычет НДС  МАТ=МАТ/1,18/2,27-МАТ\nИНДЕКС К ПОЗИЦИИ(справочно):\n1  ОЗП=10,95; ЭМ=4,55; ЗПМ=10,95; МАТ=2,27","м",300,9.22,{"$nulls":3},2766]
[28,"ТЕРм08-02-409-01","Труба винипластовая по установленным конструкциям, по стенам и колоннам с креплением скобами, диаметр до 25 мм\nИНДЕКС К ПОЗИЦИИ(справочно):\n1  ОЗП=10,95; ЭМ=4,55; ЗПМ=10,95; МАТ=2,27\nНР (2523,12 руб.): 95% от ФОТ\nСП (1726,35 руб.): 65% от ФОТ","100 м",1,1762.41,209.92,58.43,0.99,1762.41,209.92,58.43,0.99,23.8,23.8,0.11,0.11]
[29,null,"Гофра d-16\nКОЭФ. К ПОЗИЦИИ:\nперевод в базисный уровень цен, вычет НДС  МАТ=МАТ/1,18/2,27-МАТ\nИНДЕКС К ПОЗИЦИИ(справочно):\n1  ОЗП=10,95; ЭМ=4,55; ЗПМ=10,95; МАТ=2,27","м",100,1.39,{"$nulls":3},139]
[30,"ТЕРм08-02-390-01","Короба пластмассовые: шириной до 40 мм\nИНДЕКС К ПОЗИЦИИ(справочно):\n1  ОЗП=10,95; ЭМ=4,55; ЗПМ=10,95; МАТ=2,27\nНР (11306,27 руб.): 95% от ФОТ\nСП (7735,87 руб.): 65% от ФОТ","100 м","6,5\n5+1,5",225.06,145.31,25.41,0.09,1462.9,944.52,165.17,0.59,16.29,105.89,0.01,0.07]
[31,null,"Кабель Канал  20*10\nКОЭФ. К ПОЗИЦИИ:\nперевод в базисный уровень цен, вычет НДС  МАТ=МАТ/1,18/2,27-МАТ\nИНДЕКС К ПОЗИЦИИ(справочно):\n1  ОЗП=10,95; ЭМ=4,55; ЗПМ=10,95; МАТ=2,27","м",500,4.04,{"$nulls":3},2020]
[32,null,"Кабель канал 32*16\nКОЭФ. К ПОЗИЦИИ:\nперевод в базисный уровень цен, вычет НДС  МАТ=МАТ/1,18/2,27-МАТ\nИНДЕКС К ПОЗИЦИИ(справочно):\n1  ОЗП=10,95; ЭМ=4,55; ЗПМ=10,95; МАТ=2,27","м",150,6.99,{"$nulls":3},1048.5]
[33,"ТЕРм08-02-148-01","Кабель в проложенных трубах, блоках и коробах, масса 1 м кабеля до 1 кг\nИНДЕКС К ПОЗИЦИИ(справочно):\n1  ОЗП=10,95; ЭМ=4,55; ЗПМ=10,95; МАТ=2,27\nНР (681,47 руб.): 95% от ФОТ\nСП (466,27 руб.): 65% от ФОТ","100 м кабеля",0.4,694.46,111.85,499.23,30.58,277.78,44.74,199.69,12.23,12.4,4.96,3.39,1.36]
[34,null,"Кабель ВВГ нг 3*2,5\nКОЭФ. К ПОЗИЦИИ:\nперевод в базисный уровень цен, вычет НДС  МАТ=МАТ/1,18/2,27-МАТ\nИНДЕКС К ПОЗИЦИИ(справочно):\n1  ОЗП=10,95; ЭМ=4,55; ЗПМ=10,95; МАТ=2,27","м",40,37.24,{"$nulls":3},1489.6]
["  Итого по разделу 1 Монтаж пожарной сигнализации",{"$nulls":8},589285.25,{"$nulls":4},1286.41,null,123.45]
["                           Раздел 2. Монтаж системы газового пожаротушения"]
[35,"ТЕРм37-01-002-03","Монтаж оборудования без механизмов в помещении, масса оборудования 0,1 т\nИНДЕКС К ПОЗИЦИИ(справочно):\n2  ОЗП=10,97; ЭМ=4,23; ЗПМ=10,97; МАТ=2,88\nНР (2208,48 руб.): 80% от ФОТ\nСП (1656,36 руб.): 60% от ФОТ","1 шт.",1,397.74,216.11,64.54,2.71,397.74,216.11,64.54,2.71,25.1,25.1,0.3,0.3]
[36,null,"Модуль газового пожаротушения МПА-NVC1230 (42-52-50) (Заправлен)\nКОЭФ. К ПОЗИЦИИ:\nперевод в базисный уровень цен, вычет НДС  МАТ=МАТ/1,18/2,88-МАТ\nИНДЕКС К ПОЗИЦИИ(справочно):\n2  ОЗП=10,97; ЭМ=4,23; ЗПМ=10,97; МАТ=2,88","шт.",1,25079.03,{"$nulls":3},25079.03]
[37,null,"Газовое огнетушащее вещество 3М Novec 1230 Agent с заправкой\nКОЭФ. К ПОЗИЦИИ:\nперевод в базисный уровень цен, вычет НДС  МАТ=МАТ/1,18/2,88-МАТ\nИНДЕКС К ПОЗИЦИИ(справочно):\n2  ОЗП=10,97; ЭМ=4,23; ЗПМ=10,97; МАТ=2,88","кг",53,544.37,{"$nulls":3},28851.61]
[38,"ТЕРм11-05-001-01","Механизм исполнительный, масса до 20 кг\nИНДЕКС К ПОЗИЦИИ(справочно):\n2  ОЗП=10,97; ЭМ=4,23; ЗПМ=10,97; МАТ=2,88\nНР (71,7 руб.): 80% от ФОТ\nСП (53,78 руб.): 60% от ФОТ","1 шт.",1,48.49,4.71,35.55,2.39,48.49,4.71,35.55,2.39,0.59,0.59,0.23,0.23]
[39,null,"Электропривод (соленоид) NVC\nКОЭФ. К ПОЗИЦИИ:\nперевод в базисный уровень цен, вычет НДС  МАТ=МАТ/1,18/2,88-МАТ\nИНДЕКС К ПОЗИЦИИ(справочно):\n2  ОЗП=10,97; ЭМ=4,23; ЗПМ=10,97; МАТ=2,88","шт.",1,5720.96,{"$nulls":3},5720.96]
[40,"ТЕРм18-09-002-02","Распределитель воздуха\nИНДЕКС К ПОЗИЦИИ(справочно):\n2  ОЗП=10,97; ЭМ=4,23; ЗПМ=10,97; МАТ=2,88\nНР (724,98 руб.): 80% от ФОТ\nСП (543,74 руб.): 60% от ФОТ","1 шт.",1,83.25,71.75,6.24,0.09,83.25,71.75,6.24,0.09,8.98,8.98,0.01,0.01]
[41,null,"Рукав высокого давления разгрузочный NVC DN50\nКОЭФ. К ПОЗИЦИИ:\nперевод в базисный уровень цен, вычет НДС  МАТ=МАТ/1,18/2,88-МАТ\nИНДЕКС К ПОЗИЦИИ(справочно):\n2  ОЗП=10,97; ЭМ=4,23; ЗПМ=10,97; МАТ=2,88","шт.",1,4714.27,{"$nulls":3},4714.27]
[42,"ТЕРм12-08-005-10","Оросители, насадки газового пожаротушения без декоративной розетки\nИНДЕКС К ПОЗИЦИИ(справочно):\n2  ОЗП=10,97; ЭМ=4,23; ЗПМ=10,97; МАТ=2,88\nНР (81,44 руб.): 80% от ФОТ\nСП (61,08 руб.): 60% от ФОТ","100 шт.","0,02\n2/100",590.97,403.19,7.21,0.27,11.81,8.06,0.14,0.01,44.7,0.89,0.03]
[43,null,"Насадок NVC DN32 (1 1/4\"), алюминий\nКОЭФ. К ПОЗИЦИИ:\nперевод в базисный уровень цен, вычет НДС  МАТ=МАТ/1,18/2,88-МАТ\nИНДЕКС К ПОЗИЦИИ(справочно):\n2  ОЗП=10,97; ЭМ=4,23; ЗПМ=10,97; МАТ=2,88","шт.",2,942.39,{"$nulls":3},1884.78]
[44,null,"Кронштейн баллона NVC 52/106/147/180л\nКОЭФ. К ПОЗИЦИИ:\nперевод в базисный уровень цен, вычет НДС  МАТ=МАТ/1,18/2,88-МАТ\nИНДЕКС К ПОЗИЦИИ(справочно):\n2  ОЗП=10,97; ЭМ=4,23; ЗПМ=10,97; МАТ=2,88","шт.",1,572.13,{"$nulls":3},572.13]
[45,null,"Кожух защитный NVC\nКОЭФ. К ПОЗИЦИИ:\nперевод в базисный уровень цен, вычет НДС  МАТ=МАТ/1,18/2,88-МАТ\nИНДЕКС К ПОЗИЦИИ(справочно):\n2  ОЗП=10,97; ЭМ=4,23; ЗПМ=10,97; МАТ=2,88","шт.",1,337.12,{"$nulls":3},337.12]
[46,null,"Муфта под РВД NVC Rc 50\nКОЭФ. К ПОЗИЦИИ:\nперевод в базисный уровень цен, вычет НДС  МАТ=МАТ/1,18/2,88-МАТ\nИНДЕКС К ПОЗИЦИИ(справочно):\n2  ОЗП=10,97; ЭМ=4,23; ЗПМ=10,97; МАТ=2,88","шт.",1,373.33,{"$nulls":3},373.33]
[47,null,"Ниппель под насадок NVC R 1 1/4\"\nКОЭФ. К ПОЗИЦИИ:\nперевод в базисный уровень цен, вычет НДС  МАТ=МАТ/1,18/2,88-МАТ\nИНДЕКС К ПОЗИЦИИ(справочно):\n2  ОЗП=10,97; ЭМ=4,23; ЗПМ=10,97; МАТ=2,88","шт.",2,112,{"$nulls":3},224]
[48,"ТЕРм37-01-002-03","Монтаж оборудования без механизмов в помещении, масса оборудования 0,1 т\nИНДЕКС К ПОЗИЦИИ(справочно):\n2  ОЗП=10,97; ЭМ=4,23; ЗПМ=10,97; МАТ=2,88\nНР (2208,48 руб.): 80% от ФОТ\nСП (1656,36 руб.): 60% от ФОТ","1 шт.",1,397.74,216.11,64.54,2.71,397.74,216.11,64.54,2.71,25.1,25.1,0.3,0.3]
[49,null,"Модуль газового пожаротушения МПА-NVC1230 (42-52-50) (Заправлен)\nКОЭФ. К ПОЗИЦИИ:\nперевод в базисный уровень цен, вычет НДС  МАТ=МАТ/1,18/2,88-МАТ\nИНДЕКС К ПОЗИЦИИ(справочно):\n2  ОЗП=10,97; ЭМ=4,23; ЗПМ=10,97; МАТ=2,88","шт.",1,25093.51,{"$nulls":3},25093.51]
[50,null,"Газовое огнетушащее вещество 3М Novec 1230 Agent с заправкой (Резерв)\nКОЭФ. К ПОЗИЦИИ:\nперевод в базисный уровень цен, вычет НДС  МАТ=МАТ/1,18/2,88-МАТ\nИНДЕКС К ПОЗИЦИИ(справочно):\n2  ОЗП=10,97; ЭМ=4,23; ЗПМ=10,97; МАТ=2,88","кг",53,544.37,{"$nulls":3},28851.61]
[51,null,"Кожух защитный NVC\nКОЭФ. К ПОЗИЦИИ:\nперевод в базисный уровень цен, вычет НДС  МАТ=МАТ/1,18/2,88-МАТ\nИНДЕКС К ПОЗИЦИИ(справочно):\n2  ОЗП=10,97; ЭМ=4,23; ЗПМ=10,97; МАТ=2,88","шт.",1,337.12,{"$nulls":3},337.12]
[52,"ТЕРм12-14-064-07","Клапан стальной низкого давления, диаметр условного прохода 300 мм\nИНДЕКС К ПОЗИЦИИ(справочно):\n2  ОЗП=10,97; ЭМ=4,23; ЗПМ=10,97; МАТ=2,88\nНР (2103,95 руб.): 80% от ФОТ\nСП (1577,96 руб.): 60% от ФОТ","100 шт.","0,01\n1/100",29257.81,20655.8,6018.24,190.77,292.58,206.56,60.18,1.91,2290,22.9,21.15,0.21]
[53,null,"Клапан сброса избыточного давления КСИД - 0,5-600\nКОЭФ. К ПОЗИЦИИ:\nперевод в базисный уровень цен, вычет НДС  МАТ=МАТ/1,18/2,88-МАТ\nИНДЕКС К ПОЗИЦИИ(справочно):\n2  ОЗП=10,97; ЭМ=4,23; ЗПМ=10,97; МАТ=2,88","шт.",1,9085.16,{"$nulls":3},9085.16]
[54,"ТЕРм10-08-001-10","Приборы приемно-контрольные объектовые на 1 луч\nИНДЕКС К ПОЗИЦИИ(справочно):\n1  ОЗП=10,95; ЭМ=4,55; ЗПМ=10,95; МАТ=2,27\nНР (2058,95 руб.): 80% от ФОТ\nСП (1544,21 руб.): 60% от ФОТ","1 шт.","2\n1+1",108.44,102.19,0.25,null,216.88,204.38,0.5,null,11,22]
[55,null,"Пульт контроля и управления С2000-М\nКОЭФ. К ПОЗИЦИИ:\nперевод в базисный уровень цен, вычет НДС  МАТ=МАТ/1,18/2,27-МАТ\nИНДЕКС К ПОЗИЦИИ(справочно):\n1  ОЗП=10,95; ЭМ=4,55; ЗПМ=10,95; МАТ=2,27","шт.",1,2558.43,{"$nulls":3},2558.43]
[56,null,"Прибор управления автоматическими средствами пожаротушения и оповещателями С2000-АСПТ\nКОЭФ. К ПОЗИЦИИ:\nперевод в базисный уровень цен, вычет НДС  МАТ=МАТ/1,18/2,27-МАТ\nИНДЕКС К ПОЗИЦИИ(справочно):\n1  ОЗП=10,95; ЭМ=4,55; ЗПМ=10,95; МАТ=2,27","шт.",1,2381.84,{"$nulls":3},2381.84]
[57,"ТЕРм10-08-001-06","Приборы приемно-контрольные сигнальные, концентратор блок базовый на 10 лучей\nИНДЕКС К ПОЗИЦИИ(справочно):\n1  ОЗП=10,95; ЭМ=4,55; ЗПМ=10,95; МАТ=2,27\nНР (455,96 руб.): 80% от ФОТ\nСП (341,97 руб.): 60% от ФОТ","1 шт.",1,53.21,45.26,0.31,null,53.21,45.26,0.31,null,4.8,4.8]
[58,null,"Блок индикации и управления С2000-ПТ\nКОЭФ. К ПОЗИЦИИ:\nперевод в базисный уровень цен, вычет НДС  МАТ=МАТ/1,18/2,27-МАТ\nИНДЕКС К ПОЗИЦИИ(справочно):\n1  ОЗП=10,95; ЭМ=4,55; ЗПМ=10,95; МАТ=2,27","шт.",1,1601.58,{"$nulls":3},1601.58]
[59,"ТЕРм10-08-001-04","Приборы ПС на 4 луча\nИНДЕКС К ПОЗИЦИИ(справочно):\n1  ОЗП=10,95; ЭМ=4,55; ЗПМ=10,95; МАТ=2,27\nНР (322,81 руб.): 80% от ФОТ\nСП (242,11 руб.): 60% от ФОТ","1 шт.",1,39.1,32.04,0.57,null,39.1,32.04,0.57,null,3.3,3.3]
[60,null,"Блок релейный С2000-СП1 (исп. 01)\nКОЭФ. К ПОЗИЦИИ:\nперевод в базисный уровень цен, вычет НДС  МАТ=МАТ/1,18/2,27-МАТ\nИНДЕКС К ПОЗИЦИИ(справочно):\n1  ОЗП=10,95; ЭМ=4,55; ЗПМ=10,95; МАТ=2,27","шт.",1,709.33,{"$nulls":3},709.33]
[61,"ТЕРм10-02-016-06","Отдельно устанавливаемый преобразователь или блок питания\nИНДЕКС К ПОЗИЦИИ(справочно):\n1  ОЗП=10,95; ЭМ=4,55; ЗПМ=10,95; МАТ=2,27\nНР (2185,27 руб.): 80% от ФОТ\nСП (1638,95 руб.): 60% от ФОТ","1 шт.","2\n1+1",200.31,104.94,34.97,3.52,400.62,209.88,69.94,7.04,10.1,20.2,0.44,0.88]
[62,null,"Резервированный источник питания РИП-12RS\nКОЭФ. К ПОЗИЦИИ:\nперевод в базисный уровень цен, вычет НДС  МАТ=МАТ/1,18/2,27-МАТ\nИНДЕКС К ПОЗИЦИИ(справочно):\n1  ОЗП=10,95; ЭМ=4,55; ЗПМ=10,95; МАТ=2,27","шт.",1,1519.45,{"$nulls":3},1519.45]
[63,null,"Резервный источник питания РИП-24 (исп.01)\nКОЭФ. К ПОЗИЦИИ:\nперевод в базисный уровень цен, вычет НДС  МАТ=МАТ/1,18/2,27-МАТ\nИНДЕКС К ПОЗИЦИИ(справочно):\n1  ОЗП=10,95; ЭМ=4,55; ЗПМ=10,95; МАТ=2,27","шт.",1,1519.45,{"$nulls":3},1519.45]
[64,"ТЕРм10-08-002-02","Извещатель ПС автоматический дымовой, фотоэлектрический, радиоизотопный, световой в нормальном исполнении\nИНДЕКС К ПОЗИЦИИ(справочно):\n1  ОЗП=10,95; ЭМ=4,55; ЗПМ=10,95; МАТ=2,27\nНР (915,77 руб.): 80% от ФОТ\nСП (686,83 руб.): 60% от ФОТ","1 шт.",6,18.53,15.15,0.31,null,111.18,90.9,1.86,null,1.68,10.08]
[65,null,"Извещатель дымовой оптико-электронный  ИП 212-3су\nКОЭФ. К ПОЗИЦИИ:\nперевод в базисный уровень цен, вычет НДС  МАТ=МАТ/1,18/2,27-МАТ\nИНДЕКС К ПОЗИЦИИ(справочно):\n1  ОЗП=10,95; ЭМ=4,55; ЗПМ=10,95; МАТ=2,27","шт.",6,70.58,{"$nulls":3},423.48]
[66,"ТЕРм10-08-002-01","Извещатель ПС автоматический тепловой электро-контактный, магнитоконтактный в нормальном исполнении\nИНДЕКС К ПОЗИЦИИ(справочно):\n1  ОЗП=10,95; ЭМ=4,55; ЗПМ=10,95; МАТ=2,27\nНР (152,69 руб.): 80% от ФОТ\nСП (114,52 руб.): 60% от ФОТ","1 шт.",2,9.06,7.58,0.12,null,18.12,15.16,0.24,null,0.84,1.68]
[67,null,"Извещатель магнитоконтактный ИО 102-20/Б2П\nКОЭФ. К ПОЗИЦИИ:\nперевод в базисный уровень цен, вычет НДС  МАТ=МАТ/1,18/2,27-МАТ\nИНДЕКС К ПОЗИЦИИ(справочно):\n1  ОЗП=10,95; ЭМ=4,55; ЗПМ=10,95; МАТ=2,27","шт.",2,92.96,{"$nulls":3},185.92]
[68,"ТЕРм10-01-039-06","Реле, ключ, кнопка и др. с подготовкой места установки\nИНДЕКС К ПОЗИЦИИ(справочно):\n1  ОЗП=10,95; ЭМ=4,55; ЗПМ=10,95; МАТ=2,27\nНР (321,93 руб.): 80% от ФОТ\nСП (241,45 руб.): 60% от ФОТ","1 шт.","2\n1+1",16.3,15.98,null,null,32.6,31.96,null,null,2,4]
[69,null,"Извещатель ручной ИПР-3СУ\nКОЭФ. К ПОЗИЦИИ:\nперевод в базисный уровень цен, вычет НДС  МАТ=МАТ/1,18/2,27-МАТ\nИНДЕКС К ПОЗИЦИИ(справочно):\n1  ОЗП=10,95; ЭМ=4,55; ЗПМ=10,95; МАТ=2,27","шт.",1,102.67,{"$nulls":3},102.67]
[70,null,"УК-ВК-02 устройство коммутационное\nКОЭФ. К ПОЗИЦИИ:\nперевод в базисный уровень цен, вычет НДС  МАТ=МАТ/1,18/2,27-МАТ\nИНДЕКС К ПОЗИЦИИ(справочно):\n1  ОЗП=10,95; ЭМ=4,55; ЗПМ=10,95; МАТ=2,27","шт.",1,142.99,{"$nulls":3},142.99]
[71,"ТЕРм10-04-101-15","Транспарант световой (табло)\nИНДЕКС К ПОЗИЦИИ(справочно):\n1  ОЗП=10,95; ЭМ=4,55; ЗПМ=10,95; МАТ=2,27\nНР (627,01 руб.): 92% от ФОТ\nСП (442,99 руб.): 65% от ФОТ","1 шт.","3\n1+1+1",20.28,18.04,null,null,60.84,54.12,null,null,2,6]
[72,null,"Оповещатель НБО-24В-01, ЛЮКС, \"Автоматика отключена\"\nКОЭФ. К ПОЗИЦИИ:\nперевод в базисный уровень цен, вычет НДС  МАТ=МАТ/1,18/2,27-МАТ\nИНДЕКС К ПОЗИЦИИ(справочно):\n1  ОЗП=10,95; ЭМ=4,55; ЗПМ=10,95; МАТ=2,27","шт.",1,308,{"$nulls":3},308]
[73,null,"Оповещатель НБО-24В-01, ЛЮКС, \"Газ! Не входи!\"\nКОЭФ. К ПОЗИЦИИ:\nперевод в базисный уровень цен, вычет НДС  МАТ=МАТ/1,18/2,27-МАТ\nИНДЕКС К ПОЗИЦИИ(справочно):\n1  ОЗП=10,95; ЭМ=4,55; ЗПМ=10,95; МАТ=2,27","шт.",1,308,{"$nulls":3},308]
[74,null,"Оповещатель НБО-24В-01К, ЛЮКС, \"Газ! Уходи!\"\nКОЭФ. К ПОЗИЦИИ:\nперевод в базисный уровень цен, вычет НДС  МАТ=МАТ/1,18/2,27-МАТ\nИНДЕКС К ПОЗИЦИИ(справочно):\n1  ОЗП=10,95; ЭМ=4,55; ЗПМ=10,95; МАТ=2,27","шт.",1,308,{"$nulls":3},308]
[75,"ТЕРм08-01-081-01","Аппарат (кнопка, ключ управления, замок электромагнитной блокировки, звуковой сигнал, сигнальная лампа) управления и сигнализации, количество подключаемых концов до 2\nИНДЕКС К ПОЗИЦИИ(справочно):\n1  ОЗП=10,95; ЭМ=4,55; ЗПМ=10,95; МАТ=2,27\nНР (252,47 руб.): 95% от ФОТ\nСП (172,74 руб.): 65% от ФОТ","1 шт.",2,20.71,10.19,9.67,0.36,41.42,20.38,19.34,0.72,1.13,2.26,0.04,0.08]
[76,null,"Ключ Touch Memory (с брелоком)\nКОЭФ. К ПОЗИЦИИ:\nперевод в базисный уровень цен, вычет НДС  МАТ=МАТ/1,18/2,27-МАТ\nИНДЕКС К ПОЗИЦИИ(справочно):\n1  ОЗП=10,95; ЭМ=4,55; ЗПМ=10,95; МАТ=2,27","шт.",3,21.35,{"$nulls":3},64.05]
[77,null,"Считыватель-2 Touch Memory исп.00 (исп. 02)\nКОЭФ. К ПОЗИЦИИ:\nперевод в базисный уровень цен, вычет НДС  МАТ=МАТ/1,18/2,27-МАТ\nИНДЕКС К ПОЗИЦИИ(справочно):\n1  ОЗП=10,95; ЭМ=4,55; ЗПМ=10,95; МАТ=2,27","шт.",2,76.91,{"$nulls":3},153.82]
[78,null,"Аккумулятор 12В/7Ач\nКОЭФ. К ПОЗИЦИИ:\nперевод в базисный уровень цен, вычет НДС  МАТ=МАТ/1,18/2,27-МАТ\nИНДЕКС К ПОЗИЦИИ(справочно):\n1  ОЗП=10,95; ЭМ=4,55; ЗПМ=10,95; МАТ=2,27","шт.",1,174.53,{"$nulls":3},174.53]
[79,null,"Аккумулятор 12В/4,5Ач\nКОЭФ. К ПОЗИЦИИ:\nперевод в базисный уровень цен, вычет НДС  МАТ=МАТ/1,18/2,27-МАТ\nИНДЕКС К ПОЗИЦИИ(справочно):\n1  ОЗП=10,95; ЭМ=4,55; ЗПМ=10,95; МАТ=2,27","шт.",2,174.53,{"$nulls":3},349.06]
[80,"ТЕРм08-03-575-01","Прибор или аппарат\nИНДЕКС К ПОЗИЦИИ(справочно):\n1  ОЗП=10,95; ЭМ=4,55; ЗПМ=10,95; МАТ=2,27\nНР (248,82 руб.): 95% от ФОТ\nСП (170,25 руб.): 65% от ФОТ","1 шт.",2,10.8,10.4,null,null,21.6,20.8,null,null,1.12,2.24]
[81,"ТЕРм08-03-574-01","Разводка по устройствам и подключение жил кабелей или проводов сечением до 10 мм2\nИНДЕКС К ПОЗИЦИИ(справочно):\n1  ОЗП=10,95; ЭМ=4,55; ЗПМ=10,95; МАТ=2,27\nНР (74,69 руб.): 95% от ФОТ\nСП (51,1 руб.): 65% от ФОТ","100 жил","0,04\n2*2/100",2961.07,156.07,2.42,0.09,118.44,6.24,0.1,null,16.8,0.67,0.01]
[82,null,"Автомат однополюсный 16А\nКОЭФ. К ПОЗИЦИИ:\nперевод в базисный уровень цен, вычет НДС  МАТ=МАТ/1,18/2,27-МАТ\nИНДЕКС К ПОЗИЦИИ(справочно):\n1  ОЗП=10,95; ЭМ=4,55; ЗПМ=10,95; МАТ=2,27","шт.",2,93.33,{"$nulls":3},186.66]
[83,"ТЕРм08-03-573-04","Шкаф (пульт) управления навесной, высота, ширина и глубина до 600х600х350 мм\nИНДЕКС К ПОЗИЦИИ(справочно):\n1  ОЗП=10,95; ЭМ=4,55; ЗПМ=10,95; МАТ=2,27\nНР (589,62 руб.): 95% от ФОТ\nСП (403,42 руб.): 65% от ФОТ","1 шт.",2,61.01,22.02,36.08,2.62,122.02,44.04,72.16,5.24,2.37,4.74,0.29,0.58]
[84,null,"Бокс для 1-2 автоматов защиты АВВ\nКОЭФ. К ПОЗИЦИИ:\nперевод в базисный уровень цен, вычет НДС  МАТ=МАТ/1,18/2,27-МАТ\nИНДЕКС К ПОЗИЦИИ(справочно):\n1  ОЗП=10,95; ЭМ=4,55; ЗПМ=10,95; МАТ=2,27","шт.",2,11.95,{"$nulls":3},23.9]
["  Итого по разделу 2 Монтаж системы газового пожаротушения",{"$nulls":8},456745.2,{"$nulls":4},190.36,null,2.98]
["                           Раздел 3. Подсчет каналов"]
[85,"ТЧ ТЕРп02, прил. 2.7, п.2","Каналы информационные дискретные преобразования информации (параметров), поступающей от технологического объекта управления (ТОУ) на КПТС (КТС)\nИНДЕКС К ПОЗИЦИИ(справочно):\n1  ОЗП=10,95; ЭМ=4,55; ЗПМ=10,95; МАТ=2,27","К д и","229\n211+14+2+2"]
[86,"ТЧ ТЕРп02, прил. 2.7, п.3","Каналы информационные дискретные  от ОП на КТС\nИНДЕКС К ПОЗИЦИИ(справочно):\n1  ОЗП=10,95; ЭМ=4,55; ЗПМ=10,95; МАТ=2,27",null,4]
[87,"ТЧ ТЕРп02, прил. 2.7, п.4","Каналы дискретные отображения информации\nИНДЕКС К ПОЗИЦИИ(справочно):\n1  ОЗП=10,95; ЭМ=4,55; ЗПМ=10,95; МАТ=2,27","К д и","0,17\n0,01*(14+1+1+1)"]
[88,"ТЧ ТЕРп02, прил. 2.7, п.5","Каналы связи (взаимодействия) дискретные информационные со смежными системами, выполненными по отдельным проектам\nИНДЕКС К ПОЗИЦИИ(справочно):\n1  ОЗП=10,95; ЭМ=4,55; ЗПМ=10,95; МАТ=2,27","К д и",2]
[89,"ТЧ ТЕРп02","Общее количество информационных аналоговых и дискретных каналов\nИНДЕКС К ПОЗИЦИИ(справочно):\n1  ОЗП=10,95; ЭМ=4,55; ЗПМ=10,95; МАТ=2,27","К общ и","235,17\n229+4+0,17+2"]
[90,"ТЧ ТЕРп02, прил. 2.7, п.1","Количество каналов управления дискретных\nИНДЕКС К ПОЗИЦИИ(справочно):\n1  ОЗП=10,95; ЭМ=4,55; ЗПМ=10,95; МАТ=2,27","К д у",1]
[91,"ТЧ ТЕРп02","Общее количество управляющих аналоговых и дискретных каналов\nИНДЕКС К ПОЗИЦИИ(справочно):\n1  ОЗП=10,95; ЭМ=4,55; ЗПМ=10,95; МАТ=2,27","К общ у",1]
[92,"ТЧ ТЕРп02","Общее количество информационных аналоговых и дискретных каналов и управляющих аналоговых и дискретных каналов\nИНДЕКС К ПОЗИЦИИ(справочно):\n1  ОЗП=10,95; ЭМ=4,55; ЗПМ=10,95; МАТ=2,27","К общ","236,17\n235,17+1"]
[93,"ТЧ ТЕРп02, прил. 2.3","Коэффициент «метрологической сложности» системы\nИНДЕКС К ПОЗИЦИИ(справочно):\n1  ОЗП=10,95; ЭМ=4,55; ЗПМ=10,95; МАТ=2,27","М",1]
[94,"ТЧ ТЕРп02, прил. 2.4","Коэффициент «развитости информационных функций» системы\nИНДЕКС К ПОЗИЦИИ(справочно):\n1  ОЗП=10,95; ЭМ=4,55; ЗПМ=10,95; МАТ=2,27","И",1]
[95,"ТЧ ТЕРп02, прил. 2.5","Коэффициент «развитости управляющих функций»\nИНДЕКС К ПОЗИЦИИ(справочно):\n1  ОЗП=10,95; ЭМ=4,55; ЗПМ=10,95; МАТ=2,27","У",1]
[96,"ТЧ ТЕРп02","Коэффициент Ф м и учитывающий два фактора: «метрологическую сложность» и «развитость информационных функций» системы.\r\nФ м и = 0,5 + К а и / К общ и * М * И\nИНДЕКС К ПОЗИЦИИ(справочно):\n1  ОЗП=10,95; ЭМ=4,55; ЗПМ=10,95; МАТ=2,27","Ф м и",0.5]
[97,"ТЧ ТЕРп02","Коэффициент Ф м и учитывающий  «развитость управляющих функций»\r\nФ у д = 1+(1,31*К а у+0,95*К д у)/ К общ у * У\nИНДЕКС К ПОЗИЦИИ(справочно):\n1  ОЗП=10,95; ЭМ=4,55; ЗПМ=10,95; МАТ=2,27",null,1.002]
["  Итого по разделу 3 Подсчет каналов"]
["                           Раздел 4. Пусконаладочные работы"]
[98,"ТЕРп02-01-001-11","Автоматизированная система управления I категории технической сложности с количеством каналов (Кобщ) 160\nКОЭФ. К ПОЗИЦИИ:\nФ м и * Ф д у ПЗ=0,501 (ОЗП=0,501; ЭМ=0,501 к расх.; ЗПМ=0,501; МАТ=0,501 к расх.; ТЗ=0,501; ТЗМ=0,501)\nИНДЕКС К ПОЗИЦИИ(справочно):\n3  ОЗП=7,34\nНР (35154,07 руб.): 65% от ФОТ\nСП (21633,27 руб.): 40% от ФОТ","1 система",1,6407.2,6407.2,null,null,6407.2,6407.2,null,null,481.962,481.96]
[99,"ТЕРп02-01-001-12","Автоматизированная система управления I категории технической сложности с количеством каналов (Кобщ) за каждый канал свыше 160 до 319 добавлять к расценке 02-01-001-11\nКОЭФ. К ПОЗИЦИИ:\nФ м и * Ф д у ПЗ=0,501 (ОЗП=0,501; ЭМ=0,501 к расх.; ЗПМ=0,501; МАТ=0,501 к расх.; ТЗ=0,501; ТЗМ=0,501)\nИНДЕКС К ПОЗИЦИИ(справочно):\n3  ОЗП=7,34\nНР (15446,26 руб.): 65% от ФОТ\nСП (9505,39 руб.): 40% от ФОТ","1 канал","76,17\n236,17-160",36.96,36.96,null,null,2815.24,2815.24,null,null,2.7806,211.8]
["  Итого по разделу 4 Пусконаладочные работы",{"$nulls":8},159585.63,{"$nulls":4},797.82]
["ИТОГИ ПО СМЕТЕ:"]
["Итого прямые затраты по смете в ценах 2001г.",{"$nulls":8},255736.7,20918.25,15693.83,988.23,null,1977.9,null,109.93]
["Итого прямые затраты по смете с учетом коэффициентов к итогам",{"$nulls":8},261228.52,24056,18047.9,1136.46,null,2274.57,null,126.42]
["  В том числе, справочно:"]
["   В зданиях и сооружениях всех назначений при наличии в зоне производства работ загромождающих  помещения предметов (станков, установок, аппаратов, эксплуатационного и лабораторного оборудования, оргтехники, мебели и т.п.) ОЗП=1,15; ЭМ=1,15; ЗПМ=1,15; ТЗ=1,15; ТЗМ=1,15  (Поз. 1, 3, 5, 8, 11, 13, 15, 54, 57, 59, 61, 64, 66, 68, 35, 38, 40, 42, 48, 52, 18, 20, 23-24, 28, 30, 33, 75, 80-81, 83, 71, 98-99)",{"$nulls":8},5491.82,3137.74,2354.07,148.23,null,296.685,null,16.4895]
["Итого прямые затраты по смете с учетом индексов, в текущих ценах",{"$nulls":8},884743.69,225142.87,82032.87,12444.46,null,2274.57,null,126.42]
["Накладные расходы",{"$nulls":8},190010.12]
["Сметная прибыль",{"$nulls":8},130862.29]
["Итоги по смете:"]
["  Итого Монтажные работы",{"$nulls":8},1046030.47,{"$nulls":4},1476.75,null,126.42]
["  Итого Прочие затраты",{"$nulls":8},159585.63,{"$nulls":4},797.82]
["  Итого",{"$nulls":8},1205616.1,{"$nulls":4},2274.57,null,126.42]
["    В том числе:"]
["      Материалы",{"$nulls":8},577567.95]
["      Машины и механизмы",{"$nulls":8},82032.87]
["      ФОТ",{"$nulls":8},237587.33]
["      Накладные расходы",{"$nulls":8},190010.12]
["      Сметная прибыль",{"$nulls":8},130862.29]
["  НДС 18%",{"$nulls":8},217010.9]
["  ВСЕГО по смете",{"$nulls":8},1422627,{"$nulls":4},2274.57,null,126.42]